LEADER 01081nam--2200397---450- 001 990002692260203316 005 20051215124821.0 010 $a88-220-6010-5 035 $a000269226 035 $aUSA01000269226 035 $a(ALEPH)000269226USA01 035 $a000269226 100 $a20051206d2002----km-y0itay0103----ba 101 $aita 102 $aIT 105 $a||||||||001yy 200 1 $aCatastrofi$eil preludio alla complessità$fTino Tonietti$gprefazione di Marcello Cini 210 $aBari$cDedalo$d2002 215 $a262 p.$d21 cm 225 2 $aNuova biblioteca Dedalo 410 0$12001 454 1$12001 461 1$1001-------$12001 606 0 $aTeoria delle catastrofi 676 $a515.74 700 1$aTONIETTI,$bTito$057167 801 0$aIT$bsalbc$gISBD 912 $a990002692260203316 951 $aS/D 667$b2192 DIC 959 $aBK 969 $aDIC 979 $aDIC$b10$c20051206$lUSA01$h1106 979 $aDIC$b10$c20051207$lUSA01$h1703 979 $aDIC$b10$c20051215$lUSA01$h1248 996 $aCatastrofi$9185564 997 $aUNISA LEADER 01311nam2-2200397li-450 001 990000225790203316 005 20180312154859.0 010 $a0-444-70328-4 035 $a0022579 035 $aUSA010022579 035 $a(ALEPH)000022579USA01 035 $a0022579 100 $a20001109d1987----km-y0itay0103----ba 101 0 $aeng 102 $aNE 200 1 $aCombinatorial design theory$fedited by Charles J. Colbourn, Rudolf Mathon 210 $aAmsterdam [etc.]$cNorth-Holland$d1987 215 $aXII, 470 p.$cill.$d24 cm 225 2 $aNorth-Holland mathematics studies.Annals of discrete mathematics$v34 300 $anumero 149 della serie principale 410 0$10010022580$12001$aNorth-Holland mathematics studies.Annals of discrete mathematics 610 1 $aanalisi combinatoria 676 $a5116$9Analisi combinatoria 702 1$aColbourn,$bCharles J. 702 1$aMathon,$bRudolf 801 $aSistema bibliotecario di Ateneo dell' Università di Salerno$gRICA 912 $a990000225790203316 951 $a510 ADM (34)$b0030617 959 $aBK 969 $aSCI 979 $c19900410 979 $c20001110$lUSA01$h1714 979 $c20020403$lUSA01$h1630 979 $aPATRY$b90$c20040406$lUSA01$h1616 996 $aCombinatorial design theory$9343947 997 $aUNISA LEADER 01339nam a22003495i 4500 001 991002257839707536 007 cr nn 008mamaa 008 100528s2010 de | s |||| 0|eng d 020 $a9783642124136 035 $ab14145984-39ule_inst 040 $aBibl. Dip.le Aggr. Matematica e Fisica - Sez. Matematica$beng 082 04$a515.353$223 084 $aAMS 35-XX 084 $aAMS 76-XX 084 $aAMS 93-XX 100 1 $aKhapalov, Alexander Y.$0478941 245 10$aControllability of partial differential equations governed by multiplicative controls$h[e-book] /$cby Alexander Y. Khapalov 260 $aBerlin :$bSpringer,$c2010 300 $a1 online resource (xv, 284 p.) 440 0$aLecture Notes in Mathematics,$x0075-8434 ;$v1995 650 0$aMathematics 650 0$aDifferential equations, partial 650 0$aBiology$xMathematics 650 0$aSystems theory 650 0$aHydraulic engineering 773 0 $aSpringer eBooks 856 40$uhttp://dx.doi.org/10.1007/978-3-642-12413-6$zAn electronic book accessible through the World Wide Web 907 $a.b14145984$b03-03-22$c05-09-13 912 $a991002257839707536 996 $aControllability of partial differential equations governed by multiplicative controls$9261787 997 $aUNISALENTO 998 $ale013$b05-09-13$cm$d@ $e-$feng$gde $h0$i0